[Event "GER AM02-A email"]
[Site "GER email"]
[Date "2016.06.26"]
[Round "?"]
[White "Priepke, Wolfgang"]
[Black "Freeman, Michael Roy"]
[Result "1/2-1/2"]
[WhiteElo "2472"]
[BlackElo "2523"]
[PlyCount "81"]
[EventDate "2016.??.??"]
[EventType "tourn (corr)"]
[EventRounds "14"]
[EventCountry "GER"]
[SourceTitle "Corr 2017"]
[Source "ChessBase"]
[SourceDate "2017.09.19"]
[SourceVersion "1"]
[SourceVersionDate "2017.09.19"]
[SourceQuality "1"]

1. e4 e5 2. Nf3 Nc6 3. Bb5 Nf6 4. 0-0 Nxe4 5. d4 Nd6 6. Bxc6 dxc6 7. dxe5 Nf5 8. Qxd8+ Kxd8 9. Rd1+ Ke8 10. Nc3 Be7 11. h3 Be6 12. Bf4 Rd8 13. g4 Nh4 14. Nxh4 Bxh4 15. f3 h5 16. Kg2 Be7 17. Ne2 c5 18. b3 b6 19. Be3 hxg4 20. hxg4 Rd5 21. Rxd5 Bxd5 22. Rd1 Bc6 23. c4 Rf8 24. Nf4 f5 25. exf6 Bxf6 26. Ne6 Rf7 27. Bf4 Be5 28. Re1 Bxf4 29. Nxf4+ Re7 30. Re6 Bb7 31. Rg6 a5 32. Kf2 a4 33. bxa4 Ba6 34. a5 Bxc4 35. axb6 cxb6 36. Rxb6 Bxa2 37. Nd3 c4 38. Nc1 Bb3 39. Nxb3 cxb3 40. Rxb3 Ra7 41. Rb5 1/2-1/2

[Event "GER AM02-A email"]
[Site "GER email"]
[Date "2016.06.26"]
[Round "?"]
[White "Priepke, Wolfgang"]
[Black "Gburek, Juergen"]
[Result "1/2-1/2"]
[WhiteElo "2472"]
[BlackElo "2503"]
[PlyCount "62"]
[EventDate "2016.??.??"]
[EventType "tourn (corr)"]
[EventRounds "14"]
[EventCountry "GER"]
[SourceTitle "Corr 2017"]
[Source "ChessBase"]
[SourceDate "2017.09.19"]
[SourceVersion "1"]
[SourceVersionDate "2017.09.19"]
[SourceQuality "1"]

1. e4 c6 2. d4 d5 3. e5 c5 4. Nf3 cxd4 5. Nxd4 Nc6 6. c4 e6 7. Nc3 Bb4 8. cxd5 Qxd5 9. Nxc6 bxc6 10. Qe2 Ne7 11. Bd2 Qc5 12. Rd1 0-0 13. a3 Bxc3 14. Bxc3 Qb6 15. Qc2 Ba6 16. Bd4 Qb7 17. Bxa6 Qxa6 18. Bc5 Rfe8 19. f3 Nd5 20. Kf2 Reb8 21. Rd4 Rb7 22. Rc1 h6 23. Kg1 Qb5 24. Rd2 a5 25. Re1 Rab8 26. Qc1 Nf4 27. a4 Qa6 28. Re3 Nd5 29. Re4 Rb3 30. Rg4 h5 31. Rgd4 Qb7 1/2-1/2

[Event "GER AM02-A email"]
[Site "GER email"]
[Date "2016.06.26"]
[Round "?"]
[White "Priepke, Wolfgang"]
[Black "Habermehl, Tobias"]
[Result "1/2-1/2"]
[WhiteElo "2472"]
[BlackElo "2476"]
[PlyCount "70"]
[EventDate "2016.??.??"]
[EventType "tourn (corr)"]
[EventRounds "14"]
[EventCountry "GER"]
[SourceTitle "Corr 2017"]
[Source "ChessBase"]
[SourceDate "2017.09.19"]
[SourceVersion "1"]
[SourceVersionDate "2017.09.19"]
[SourceQuality "1"]

1. e4 c5 2. Nf3 d6 3. d4 cxd4 4. Nxd4 Nf6 5. Nc3 a6 6. Be2 e5 7. Nb3 Be7 8. Qd3 0-0 9. Be3 Be6 10. 0-0 Nbd7 11. Nd5 Bxd5 12. exd5 Ne8 13. Qd2 f5 14. g3 Nef6 15. f3 Nh5 16. Bf2 f4 17. g4 Nhf6 18. Kh1 e4 19. Qxf4 Ne5 20. Bg3 exf3 21. Bxf3 Nfxg4 22. Qe4 Rxf3 23. Rxf3 Nf6 24. Rxf6 Bxf6 25. Re1 Nf7 26. c3 Be5 27. Nd4 Qd7 28. Ne6 Bxg3 29. hxg3 b5 30. Qd4 Ne5 31. Rf1 Qb7 32. Kg1 h6 33. a3 Re8 34. Rf4 Qe7 35. Kh2 Qb7 1/2-1/2

[Event "GER AM02-A email"]
[Site "GER email"]
[Date "2016.06.26"]
[Round "?"]
[White "Priepke, Wolfgang"]
[Black "Ziese, Gerhard1"]
[Result "1/2-1/2"]
[WhiteElo "2472"]
[BlackElo "2472"]
[PlyCount "96"]
[EventDate "2016.??.??"]
[EventType "tourn (corr)"]
[EventRounds "14"]
[EventCountry "GER"]
[SourceTitle "Corr 2017"]
[Source "ChessBase"]
[SourceDate "2017.09.19"]
[SourceVersion "1"]
[SourceVersionDate "2017.09.19"]
[SourceQuality "1"]

1. e4 e5 2. Nf3 Nc6 3. Bb5 f5 4. d3 fxe4 5. dxe4 Nf6 6. 0-0 Bc5 7. Bxc6 bxc6 8. Nxe5 0-0 9. Nc3 d6 10. Nd3 Bd4 11. Qe1 Qe8 12. Be3 Bxc3 13. Qxc3 Qxe4 14. Rae1 Qa4 15. b3 Nd5 16. Qd2 Qh4 17. Bg5 Qd4 18. c4 Bf5 19. Nc1 Qxd2 20. Bxd2 Nb6 21. Re7 Rf7 22. Rfe1 c5 23. f3 Bd7 24. R7e3 a5 25. a4 d5 26. cxd5 c4 27. Re4 cxb3 28. Nxb3 Bxa4 29. Nxa5 Rd7 30. Nb7 Bc2 31. Re8+ Rxe8 32. Rxe8+ Kf7 33. Re1 Nxd5 34. Rc1 Bg6 35. h4 h6 36. Rc5 Kg8 37. Na5 Be8 38. Kf2 Nb6 39. Be3 Na4 40. Rc1 Nb2 41. Kg3 Nd3 42. Rc3 Nb4 43. Bf4 Nd5 44. Rc5 Nxf4 45. Kxf4 c6 46. Kf5 Kf8 47. Nc4 Rd4 48. f4 Ke7 1/2-1/2

[Event "GER-chT11-B3 email"]
[Site "GER email"]
[Date "2015.10.15"]
[Round "?.1"]
[White "Priepke, Wolfgang"]
[Black "Schmidt, Theo"]
[Result "1/2-1/2"]
[WhiteElo "2472"]
[BlackElo "2350"]
[PlyCount "80"]
[EventDate "2015.??.??"]
[EventType "tourn (corr)"]
[EventRounds "8"]
[EventCountry "GER"]
[SourceTitle "Corr 2017"]
[Source "ChessBase"]
[SourceDate "2017.09.19"]
[SourceVersion "1"]
[SourceVersionDate "2017.09.19"]
[SourceQuality "1"]
[WhiteTeam "Friesen Lichtenberg"]
[BlackTeam "Siegener SV 1878"]

1. e4 c5 2. Nf3 d6 3. d4 cxd4 4. Nxd4 Nf6 5. Nc3 a6 6. Be3 e5 7. Nb3 Be6 8. f3 Be7 9. Qd2 0-0 10. 0-0-0 Nbd7 11. g4 b5 12. g5 Nh5 13. Kb1 Nb6 14. Nd5 Nxd5 15. exd5 Bf5 16. Na5 f6 17. Nc6 Qd7 18. h4 Ng3 19. Rh2 Nxf1 20. Rxf1 fxg5 21. hxg5 Rae8 22. b3 Bd8 23. Kb2 Bg6 24. Rhf2 Qh3 25. Qe1 Qd7 26. Qb4 Rf5 27. Qd2 Bh5 28. a3 Bf7 29. f4 exf4 30. Rxf4 Rxf4 31. Bxf4 Qf5 32. Nxd8 Rxd8 33. Rf3 Bxd5 34. Rd3 Be4 35. Rxd6 Rxd6 36. Bxd6 h5 37. gxh6 Qf6+ 38. Kb1 Qxh6 39. Bf4 Qe6 40. Qc3 Qc6 1/2-1/2

[Event "GER-chT11-B3 email"]
[Site "GER email"]
[Date "2015.09.29"]
[Round "?"]
[White "Kuhne, Detlev"]
[Black "Priepke, Wolfgang"]
[Result "1/2-1/2"]
[WhiteElo "2174"]
[BlackElo "2215"]
[PlyCount "59"]
[EventDate "2015.??.??"]
[EventType "tourn (corr)"]
[EventRounds "8"]
[EventCountry "GER"]
[SourceTitle "Corr 2020"]
[Source "ChessBase"]
[SourceDate "2019.09.30"]
[SourceVersion "1"]
[SourceVersionDate "2019.09.30"]
[SourceQuality "1"]

1. e4 c5 2. Nf3 Nc6 3. d4 cxd4 4. Nxd4 Nf6 5. Nc3 e5 6. Ndb5 d6 7. Bg5 a6 8. Na3 b5 9. Nd5 Be7 10. Bxf6 Bxf6 11. c3 0-0 12. Nc2 Rb8 13. h4 g6 14. g3 Bg7 15. h5 Ne7 16. Ncb4 Nxd5 17. Nxd5 Bb7 18. Qd2 Rc8 19. Bg2 Bxd5 20. Qxd5 Rc5 21. Qd3 Qc7 22. Rd1 Rd8 23. hxg6 hxg6 24. Bf3 a5 25. Kf1 b4 26. cxb4 axb4 27. Kg2 Bf6 28. Qe3 Qc6 29. Rd2 Rc4 30. Qh6 1/2-1/2

[Event "GER-chT10 LJ-22 Br01 email"]
[Site "GER email"]
[Date "2013.10.04"]
[Round "?"]
[White "Vieth, Martin"]
[Black "Priepke, Wolfgang"]
[Result "1/2-1/2"]
[WhiteElo "1951"]
[BlackElo "2228"]
[PlyCount "83"]
[EventDate "2013.10.15"]
[EventType "tourn (corr)"]
[EventRounds "8"]
[EventCountry "GER"]
[SourceTitle "Corr 2015"]
[Source "ChessBase"]
[SourceDate "2015.07.17"]
[SourceVersion "1"]
[SourceVersionDate "2015.07.17"]
[SourceQuality "1"]

1. d4 Nf6 2. c4 e6 3. Nf3 b6 4. g3 Ba6 5. b3 Bb4+ 6. Bd2 Be7 7. Bg2 c6 8. Bc3 d5 9. Ne5 Nfd7 10. Nxd7 Nxd7 11. Nd2 0-0 12. 0-0 Rb8 13. Bb2 f5 14. Rc1 Bd6 15. Nf3 Qe7 16. Qd2 Rbd8 17. Qc2 Bb7 18. e3 Rc8 19. Rfd1 a5 20. Ne1 Rfd8 21. Nd3 Ba6 22. Nf4 Nf6 23. Bf1 Qf7 24. Be2 Ne4 25. f3 Nf6 26. Bd3 Bb7 27. Qe2 Rf8 28. cxd5 Nxd5 29. Bc4 Rcd8 30. a4 Rfe8 31. Nd3 Qh5 32. Rf1 Nc7 33. Nf4 Qh6 34. Ng2 Qh5 35. Rf2 Kh8 36. e4 c5 37. Qe3 Qf7 38. Nf4 Qd7 39. Nh5 Bf8 40. Rd1 b5 41. axb5 Nxb5 42. Qg5 1/2-1/2